00923cam a22002773a 450000100060000000300060000600500170001200800410002904000150007004200070008505000070009210000310009924501390013026000290026950600300029851600200032865300380034865300400038665300360042665300120046283000290047485600420050394200070054599900190055295200740057114661PGUSA20140828083319.0050110s2005||||xxu|||||s|||||000 | eng d aPGUSAbeng adc 4aBX1 aKearns, Thomas,d1862-191810aConditions in Utah :bSpeech of Hon. Thomas Kearns of Utah, in the Senate of the United Statesh[electronic resource] /cThomas Kearns bProject Gutenberg,c2005 aPublic domain in the USA. aElectronic text aChurch and state -- Mormon Church aSpeeches, addresses, etc., American aUtah -- Politics and government aMormons 0aProject Gutenbergv1466140uhttp://www.gutenberg.org/ebooks/14661 cEB c243916d243916 001040aGTBbGTBd2014-08-28l0r2014-08-28 00:00:00w2014-08-28yEB